Ύμνοι με τον π. Διονύσιο Φιρφιρή 2 πρωτοψάλτη του πρωτάτου του Αγίου Όρους = first chanter of Protaton Mount Athos

Περιέχει ύμνους με την ερμηνεία του ιεροδιάκονου π. Διονυσίου Φιρφιρή, αυθεντικού ερμηνευτή της Βυζαντινής Μουσικής. Στην ερμηνεία του διακρίνουμε τη σαφή και αναμφισβήτητη γνώση της ενέργειας των σημαδιών αλλά και την ανάγλυφη διατύπωση των μουσικών φράσεων, ένα συνδυασμός βαθύτατης έμπνευσης και ο...

Πλήρης περιγραφή

Αποθηκεύτηκε σε:
Λεπτομέρειες βιβλιογραφικής εγγραφής
Συγγραφή απο Οργανισμό/Αρχή: Ελληνική Βυζαντινή Χορωδία
Μορφή: Ηχητικό
Γλώσσα:Greek
Δημοσίευση: Αθήνα : ΕΛΒΥΧ, 1993, c1984.
Θέματα:
Ετικέτες: Προσθήκη ετικέτας
Δεν υπάρχουν, Καταχωρήστε ετικέτα πρώτοι!

MARC

LEADER 00000cjm a2200000 a 4500
001 1/121395
008 200520s1993####gr |||||| ||||| gre||
040 |a GR-MyUa  |b gre  |c GR-MyUa  |e AACR2 
041 0 |d gre  |e gre  |e eng  |e fre 
082 7 |a 781   |2 (23) 
245 0 0 |a Ύμνοι με τον π. Διονύσιο Φιρφιρή 2  |h [ηχογράφηση] :   |b πρωτοψάλτη του πρωτάτου του Αγίου Όρους = first chanter of Protaton Mount Athos /   |c επιμέλεια: Νίκος Διονυσόπουλος = production coordinator Nikos Dionyssopoulos ; Ελληνική Βυζαντινή Χορωδία = Greek Byzantine Choir’s edition.  
246 1 |i [Παράλληλος τίτλος] :   |a Hymns with father Dionysios Firfiris 2 
260 |a Αθήνα :   |b ΕΛΒΥΧ,   |c 1993, c1984.  
300 |a 1 μουσική κασέτα (π. 53,93 λεπτ.) :   |b αναλογ., στέρεο ;   |c 7 1/4 x 3 1/2 ίν., ταινία 1/4 ίν. +  |e θήκη 
500 |a Στη θήκη αναγράφονται τα τραγούδια στην ελληνική, στην αγγλική και στη γαλλική γλώσσα. Το ένθετο, επίσης, περιέχει πληροφορίες στην ελληνική, στην αγγλική γλώσσα και στη γαλλική γλώσσα. Περιέχει δύο φωτογραφίες.  
505 8 |a Πλευρά Α’ : 1. Στίχοι από το «Μακάριος ανήρ» του Μανουήλ Πρωτοψάλτη (+1819), ‘ηχος πλ. δ’ ……… 9.08, 2. Κεκραγάριο και στιχολογία α’ ήχου …… 6.28, 3. «Πάσα η κτίσις ηλλοιούτο», στιχηρό ιδιόμελο αποστίχων, Όρθρου Μ. Παρασκευής , ήχος α’. Μέλος Π. Φιλανθίδη……1.52, 4. «Κατευνθήτω…» και στιχολογία β’ ήχου………..7.15, 5. «Λαός δυσεβής και παράνομος…», στιχηρό ιδιόμελο αποστίχων, Όρθρου Μ. Παρασκευής, ήχος α’. Μέλος Π. Φιλανθίδη………3.00 – Πλευρά Β’: 1. «Κύριε εκέκραξα…» και στιχολογία γ’ ήχου……….5.20, 2. «Δύο και πονηρά…», στιχηρό ιδιόμελο αίνων, Όρθρου Μ. Παρασκευής, ήχος α’, Μέλος Π. Φιλανθίδη…………..2.48, 3. «Κατευνθήτω…» και στιχολογία δ’ήχου….6.05, 4. «Παράδοξα σήμερον…», στιχηρό ιδιόμελο εσπερινού Πεντηκοστής, ήχος α’. Μέλος Π. Φιλανθίδη….2.35, 5. Στίχοι του συντόμου πολυέλεον «Εξομολογείσθε τω Κυρίω» σε πέντε ήχους, όπως ψάλλεται στο Άγιον Όρος από τον π. Διονύσιο Φιρφιρή…….10.30.  
511 0 |a Η ηχογράφηση της κασέτας αυτής έγινε στην Αθήνα στο studio ΕRA από τον Γ. Συλέτο στις 18 και 20 Μαΐου 1984. Κανοναρχεί ο Λυκούργος Αγγελόπουλος και ισοκρατούν οι Σταύρος και Φώτης Τριανταφύλλου, Γιώργος Ζουγανέλης, Παναγιώτης Διαμάντης.  
520 8 |a Περιέχει ύμνους με την ερμηνεία του ιεροδιάκονου π. Διονυσίου Φιρφιρή, αυθεντικού ερμηνευτή της Βυζαντινής Μουσικής. Στην ερμηνεία του διακρίνουμε τη σαφή και αναμφισβήτητη γνώση της ενέργειας των σημαδιών αλλά και την ανάγλυφη διατύπωση των μουσικών φράσεων, ένα συνδυασμός βαθύτατης έμπνευσης και ολοκληρωμένης τεχνικής.  
600 1 0 |a Φιρφιρής, Διονύσιος,  |d 1912-1990. 
650 0 |a Sound recordings. 
650 0 |a Audio-visual materials. 
650 0 |a Folk songs  |z Greece. 
650 0 |a Folk music  |z Greece. 
700 1 |a Διονυσόπουλος, Νίκος,  |e oth 
710 2 |a Ελληνική Βυζαντινή Χορωδία. 
920 |a Δωρεά βιβλιοθήκης  |y Ρόδος  |z 2020-05 
970 |a Μαρία  |b Κωτάκου  |z 20-05-2020